| 000 | 01624cam a2200385 4500 | ||
|---|---|---|---|
| 001 | gs 68000337 | ||
| 003 | DLC | ||
| 005 | 20260227111423.0 | ||
| 008 | 710324m19659999nduab b 000 0 eng c | ||
| 010 | _ags 68000337 //r935 | ||
| 040 |
_aU.S. Geol. Survey. Library _cDLC _dDLC |
||
| 043 | _an-us-nd | ||
| 110 | 2 | 0 | _aNorth Dakota Geological Survey. |
| 245 | 1 | 0 | _aGeology and ground water resources of Burleigh County, North Dakota. |
| 260 | 1 |
_aGrand Forks, _c1965- |
|
| 300 |
_apts. _billus., maps (part col.) _c24 cm. |
||
| 490 | 1 | _aCounty ground water studies, 3 | |
| 490 | 1 |
_aNorth Dakota. Geological Survey. Bulletin _v42 |
|
| 500 | _aPrepared cooperatively by the U.S. Geological Survey, the North Dakota Geological Survey and the North Dakota State Water Conservation Commission. | ||
| 500 | _aPart of illustrative matter folded in pockets. | ||
| 504 | _aIncludes bibliographies. | ||
| 505 | 1 | _apt. 1. Geology, by J. Kume and D. E. Hansen.--pt. 2. Ground water basic data, by P. G. Randich. | |
| 650 | 0 |
_aGeology _zNorth Dakota _zBurleigh County. |
|
| 650 | 0 |
_aGroundwater _zNorth Dakota _zBurleigh County. |
|
| 650 | 0 |
_aWater-supply _zNorth Dakota _zBurleigh County. |
|
| 650 | 0 |
_aBorings _zNorth Dakota _zBurleigh County. |
|
| 650 | 0 |
_aWater _xComposition. |
|
| 700 | 1 | 0 | _aKume, Jack. |
| 700 | 1 | 0 | _aHansen, Dan E. |
| 700 | 1 | 0 |
_aRandich, P. G. _q(Philip G.), _d1909- |
| 710 | 2 | 0 | _aGeological Survey (U.S.) |
| 710 | 2 | 0 | _aNorth Dakota State Water Commission. |
| 810 | 1 |
_aNorth Dakota. _bGeological Survey. _tCounty ground water studies, _v3 |
|
| 830 | 0 |
_aBulletin (North Dakota Geological Survey) ; _v42. |
|
| 999 |
_c30538 _d30538 |
||